000 00429nam a2200181Ia 4500
001 4916
005 20260306145829.0
008 260306t1999||||xx |||||||||||||| ||spa||
041 _aESP
082 _a331.21
_bD68
100 _aDíaz, Juan José
_eAUT
245 0 _aEstructura de ingresos en Lima metropolitana:
_b1986-1995
260 _c1999
300 _a
_c
650 _aGEN
654 _aCAN
942 _cLIB
_dJUS
_fJUS
_2ddc
_n
999 _c4916
_d4916